Ústredná knižnica nemeckých klasikov vo Weimare

Bibliographic Details
Main Author: Kamenský, Milan (Author)
Format: Article
Language:Slovak
Subjects:

MARC

LEADER 00000nab a2200000 a 4500
001 vtls000332794
003 SK-MaSNL
005 20260303134002.0
008 230217c1988 xo 0 slo
015 |a SNBRB19rr/mm-uuuuu 
035 |a CL0332916 
035 |a urn:nbn:sk:snk-abbijh 
035 |a (urnnbn)urn:nbn:sk:snk:ar-000qn3 
035 |a (uuid)3afdb2c7-a97f-464c-95b6-0d7e1dc90f89 
040 |a SNKBUCL  |b slo  |c SNKBUCL  |e AACR2 
041 0 |a slo 
044 |a xo  |c SK 
080 |a 027.54(430.2)  |2 1981 
100 1 |a Kamenský, Milan  |4 aut  |9 591789 
245 1 0 |a Ústredná knižnica nemeckých klasikov vo Weimare  |c Milan Kamenský 
650 0 7 |a Ústredná knižnica nemeckých klasikov, Weimar  |2 snkbucl  |9 1153394 
655 7 |a články z novín a časopisov  |2 snkbucl  |9 267496 
773 0 |t Čitateľ  |g Roč. 37, č. 10 (1988), s. 373-374 
850 |a Slovenská národná knižnica v Martine  |a MTA001 
852 |a SNK  |b KIS3GCP 
954 |a odborná, vedecká literatúra pôvodná (slovenská)  |2 lita 
958 |a OND 
958 |a RK 
958 |a KL 
958 |a EUIPO 
958 |a article15 
992 |a RBX 
999 |c 1959522  |d 1961452